<?xml version="1.0" encoding="UTF-8"?>
<record
    xmlns:xsi="http://www.w3.org/2001/XMLSchema-instance"
    xsi:schemaLocation="http://www.loc.gov/MARC21/slim http://www.loc.gov/standards/marcxml/schema/MARC21slim.xsd"
    xmlns="http://www.loc.gov/MARC21/slim">

  <leader>00818nam a2200241 a 4500</leader>
  <controlfield tag="001">32513</controlfield>
  <controlfield tag="003">BD-RjUL</controlfield>
  <controlfield tag="005">20211209051840.0</controlfield>
  <controlfield tag="008">140427s1973    ii            000 0 eng d</controlfield>
  <datafield tag="035" ind1=" " ind2=" ">
    <subfield code="a">(BD-RjUL)32602</subfield>
  </datafield>
  <datafield tag="040" ind1=" " ind2=" ">
    <subfield code="a">UkOxU</subfield>
    <subfield code="b">eng</subfield>
    <subfield code="c">UkOxU</subfield>
    <subfield code="d">BD-RjUL</subfield>
  </datafield>
  <datafield tag="041" ind1="1" ind2=" ">
    <subfield code="a">engara</subfield>
    <subfield code="h">ara</subfield>
  </datafield>
  <datafield tag="082" ind1="0" ind2="4">
    <subfield code="a">297.122521</subfield>
    <subfield code="b">HOL V-1 1973</subfield>
  </datafield>
  <datafield tag="245" ind1="0" ind2="4">
    <subfield code="a">The Holy Qur-&#x101;n :</subfield>
    <subfield code="b">Arabic text with an English translation and commentary /</subfield>
    <subfield code="c">by 'Abdull&#x101;h Y&#x16B;suf 'Al&#x12B;</subfield>
    <subfield code="n">Vol 1 :</subfield>
    <subfield code="p">Containing Introductiory Matter and Suras I to Ix</subfield>
  </datafield>
  <datafield tag="250" ind1=" " ind2=" ">
    <subfield code="a">3 vol. ed.</subfield>
  </datafield>
  <datafield tag="260" ind1=" " ind2=" ">
    <subfield code="a">Delhi :</subfield>
    <subfield code="b">Kitab Publishing House,</subfield>
    <subfield code="c">1973.</subfield>
  </datafield>
  <datafield tag="300" ind1=" " ind2=" ">
    <subfield code="a">468 p. ;</subfield>
    <subfield code="c">27 cm</subfield>
  </datafield>
  <datafield tag="650" ind1=" " ind2="0">
    <subfield code="a">Qur&#x2BC;an -- Criticism, interpretation</subfield>
    <subfield code="9">98919</subfield>
  </datafield>
  <datafield tag="700" ind1="1" ind2=" ">
    <subfield code="a">Ali, Abdullah Yusuf,</subfield>
    <subfield code="d">1872-1952.</subfield>
    <subfield code="9">82826</subfield>
  </datafield>
  <datafield tag="730" ind1="0" ind2="2">
    <subfield code="a">Qur&#x2BC;an.</subfield>
    <subfield code="9">98922</subfield>
  </datafield>
  <datafield tag="730" ind1="0" ind2="2">
    <subfield code="a">Qur&#x2BC;an.</subfield>
    <subfield code="9">98923</subfield>
  </datafield>
  <datafield tag="942" ind1=" " ind2=" ">
    <subfield code="2">ddc</subfield>
    <subfield code="c">BK</subfield>
  </datafield>
  <datafield tag="999" ind1=" " ind2=" ">
    <subfield code="c">32513</subfield>
    <subfield code="d">32513</subfield>
  </datafield>
  <datafield tag="952" ind1=" " ind2=" ">
    <subfield code="0">0</subfield>
    <subfield code="1">0</subfield>
    <subfield code="2">ddc</subfield>
    <subfield code="4">0</subfield>
    <subfield code="7">0</subfield>
    <subfield code="8">NFIC</subfield>
    <subfield code="a">RUCL</subfield>
    <subfield code="b">RUCL</subfield>
    <subfield code="c">Stack</subfield>
    <subfield code="d">1975-06-08</subfield>
    <subfield code="e">India Govt. Gift</subfield>
    <subfield code="l">0</subfield>
    <subfield code="o">297.122521 HOL V-1 1973</subfield>
    <subfield code="r">2014-04-27 00:00:00</subfield>
    <subfield code="t">C-3</subfield>
    <subfield code="w">2014-04-27</subfield>
    <subfield code="y">BK</subfield>
  </datafield>
  <datafield tag="952" ind1=" " ind2=" ">
    <subfield code="0">0</subfield>
    <subfield code="1">0</subfield>
    <subfield code="2">ddc</subfield>
    <subfield code="4">0</subfield>
    <subfield code="7">1</subfield>
    <subfield code="8">NFIC</subfield>
    <subfield code="a">RUCL</subfield>
    <subfield code="b">RUCL</subfield>
    <subfield code="c">Reading</subfield>
    <subfield code="d">1979-08-29</subfield>
    <subfield code="e">Saudi Embasy,Dacca</subfield>
    <subfield code="l">0</subfield>
    <subfield code="o">297.122521 HOL V-1 1973</subfield>
    <subfield code="r">2022-09-01 00:00:00</subfield>
    <subfield code="t">C-1</subfield>
    <subfield code="w">2022-09-01</subfield>
    <subfield code="y">BK</subfield>
  </datafield>
</record>
